Artilheiros da Champions League - Statistics

Estatísticas Gerais
  • Esse quiz foi jogado 670 vezes
  • A pontuação média é 13 de 52
Estatísticas das Respostas
Hint Resposta % Correto
137 Cristiano Ronaldo
99%
121 Lionel Messi
99%
41 Neymar
90%
72 Karim Benzema
86%
75 Robert Lewandowski
82%
71 Raúl
69%
24 Kyliam Mbappe
59%
48 Zlatan Ibrahimović
58%
30 Kaká
56%
34 Gerd Müller
53%
47 Thomas Müller
53%
30 Wayne Rooney
44%
26 Mohamed Salah
42%
30 Samuel Eto'o
38%
35 Edinson Cavani
37%
36 Ferenc Puskás
36%
41 Sergio Aguerro
36%
31 Arjen Robben
34%
26 Luis Suárez
34%
27 Rivaldo
33%
48 Andriy Shevchenko
24%
46 Eusébio
24%
22 Ángil de MarÍa
23%
23 Frank Lampard
23%
56 Ruud Van Nistelrooy
22%
42 Alessandro Del Piero
19%
24 Gonzalo Higuaín
17%
50 Thierry Henry
17%
30 Francisco Gento
9%
49 Alfredo Di Estéfano
7%
26 Mario Gómez
4%
25 Antoine Griezmann
3%
46 Filippo Inzaghi
3%
25 Hernán Crespo
3%
24 Luís Figo
3%
28 Ryan Gigs
2%
22 Edin Džeko
1%
33 Fernando Morientes
1%
25 Robin van Persie
1%
22 Santilana
1%
29 David Trezeguet
0%
44 Didier Drogbar
0%
24 Giovane Élber
0%
23 Jari Litmanen
0%
28 Jean-Pierre Papin
0%
24 José Altafini
0%
24 José Augusto
0%
24 Marco Simone
0%
25 Mário Jardel
0%
29 Patrick Kluivert
0%
24 Paul Scholes
0%
29 Roy Makaay
0%
Nenhum quiz correspondente encontrado
Distribuição das Pontuações
Porcentagem de Pessoas com Cada Pontuação
Percentil de Números Respondidos
Sua Pontuação Histórica
Você não jogou esse quiz